| 000 | 00829nam a2200229 i 4500 | ||
|---|---|---|---|
| 001 | 74329 | ||
| 003 | ES-MaACL | ||
| 005 | 20230906172106.0 | ||
| 007 | t| | ||
| 008 | 040917s1954 sp ||||1| spa d | ||
| 100 | 1 |
_aGonzález Pérez, Jesús. _958870 |
|
| 245 | 1 | 3 |
_aLa sentencia administrativa, su impugnación y efectos / _cJesús González Pérez. |
| 260 |
_aMadrid : _bInstituto de Estudios Políticos, _c1954 ( _fUguina) |
||
| 300 |
_aXI, 354 p. ; _c22 cm. |
||
| 490 | 1 | _aEstudios de Administración | |
| 650 | 4 |
_aProcedimiento administrativo- _zEspaña. _9143283 |
|
| 650 | 0 | 4 |
_aProcedimiento contencioso administrativo- _zEspaña. _916424 |
| 710 | 2 |
_aInstituto de Estudios Políticos (Madrid) _94924 |
|
| 830 | 0 |
_aEstudios de Administración _9183321 |
|
| 852 |
_aES-MaACL _jC-10254 _bR.38762 |
||
| 999 |
_c74329 _d74329 |
||